| 000 | 00581nam a2200217Ia 4500 | ||
|---|---|---|---|
| 005 | 20230315111014.0 | ||
| 008 | 131103s9999 xx 000 0 und d | ||
| 020 | _cRs.20 | ||
| 040 | _aLoreto College | ||
| 041 | _aEnglish | ||
| 082 |
_a822.33 _bSHA-SEN |
||
| 100 | _aSen Gupta, S C | ||
| 245 |
_aShakespeare' s historical plays _cS C Sen Gupta |
||
| 260 |
_aLondon _bOxford University Press _c1964 |
||
| 300 | _a172p. | ||
| 504 | _aIncludes index | ||
| 650 | _aShakespeare, William - Criticism | ||
| 651 | _aEnhlish drama - criticism | ||
| 850 | _aLCLIB | ||
| 942 | _cBK | ||
| 999 |
_c22007 _d72486 |
||